000 00472nam a2200193 a 4500
001 1757513024871
003 ACL
005 20250910193608.0
008 250910s2003##################000#0#eng##
020 _a9780521652735
082 0 4 _a790.2
_bMUS
100 1 _aMusgrave, Michael,
_eauthor.
245 1 0 _aPerforming Brahms :
260 _bCambridge University Press,
_c2003.
300 _a436 pages
650 0 _aMusic.
942 _cENGLISH
040 _aACL
_beng
_cACL
999 _c586413
_d586413